| 000 | 00588nam a2200217Ia 4500 | ||
|---|---|---|---|
| 003 | GCL | ||
| 005 | 20240530095739.0 | ||
| 008 | 140319s9999 xx 000 0 eng d | ||
| 040 |
_aGCL / _cGCL |
||
| 082 | 0 | 4 |
_a155.6 _bS A |
| 100 | 1 | _aSCHULZ, RICHARD | |
| 245 | 1 | 0 |
_aADULT DEVELOPMENT AND AGING MYTHS AND EMERGING REALITIES / _cSCHULZ, RICHARD |
| 260 |
_a[S.N] : _bMACMILLAN PUBBISHING CO ، _c1993 |
||
| 300 | _a501 P | ||
| 650 | 0 | 4 | _aPSYCHOLOGICAL ASPECTS |
| 650 | 0 | 4 | _aADULTHOOD |
| 650 | 0 | 4 | _aPSYCHOLOGICAL |
| 650 | 0 | 4 | _aAGING |
| 700 | 1 | _aEWERN, ROBERT B. | |
| 942 |
_2ddc _cBK |
||
| 999 |
_c10203 _d10203 |
||